UBT Library

Business driven technology / (Record no. 802)

000 -LEADER
fixed length control field 00516nam a22001817a 4500
008 - FIXED-LENGTH DATA ELEMENTS--GENERAL INFORMATION
fixed length control field 150518b xxu||||| |||| 00| 0 eng d
020 ## - INTERNATIONAL STANDARD BOOK NUMBER
International Standard Book Number 9780073376844
041 0# - LANGUAGE CODE
Language code of text/sound track or separate title eng
080 ## - UNIVERSAL DECIMAL CLASSIFICATION NUMBER
Universal Decimal Classification number 658
100 ## - Rafti
Rafti Baltzan, Paige.
245 10 - TITLE STATEMENT
Title Business driven technology /
250 ## -
-- 5th ed.
260 ## -
-- New York :
-- McGraw-Hill/Irwin,
-- c2013.
300 ## -
-- 498, [69] f. :
-- Me il. :
-- 29 cm.
650 #0 -
-- Teknologjia e Informacionit
-- Management.
650 #0 -
-- Menagjimi i sistemeve të informacionit
942 ## - ADDED ENTRY ELEMENTS (KOHA)
Source of classification or shelving scheme
Item type Books
Holdings
Withdrawn status Lost status Source of classification or shelving scheme Damaged status Not for loan Collection code Permanent location Current location Shelving location Date acquired Total Checkouts Full call number Date last seen Price effective from Koha item type
          Koleksioni i përgjithshem UBT - Lipjan UBT - Lipjan Koleksioni i përgjithshem 05/18/2015   658 BAL 05/18/2015 05/18/2015 Books
UBT Library © 2015-2024. All rights reserved University Education for Business and Technology